Quality of earnings : the investor's guide to how much money a company is really making /

Bibliographic Details
Main Author: O'glove, Thornton L.
Other Authors: Sobel, Robert, 1931 February 19-1999
Format: Book
Language:English
Published: New York : Free Press, [1987]
Subjects:

MARC

Tag First Indicator Second Indicator Subfields
LEADER 00000cam a2200000 a 4500
001 in00000009702
005 20151007051638.0
008 860911s1987 nyua b 00110 eng
010 |a  86025631  
020 |a 0029226309 
035 |a (OCoLC)14270798 
035 |9 AAA4076AM 
040 |a DLC  |c DLC  |d m/c  |d TXA  |d UtOrBLW 
049 |a TXAM  |c [A11034289] 
050 0 0 |a HG4028.B2  |b O35 1987 
082 0 |a 657/.33  |2 19 
100 1 |a O'glove, Thornton L. 
245 1 0 |a Quality of earnings :  |b the investor's guide to how much money a company is really making /  |c Thornton L. O'glove with Robert Sobel. 
264 1 |a New York :  |b Free Press,  |c [1987] 
264 4 |c ©1987 
300 |a xviii, 204 pages :  |b illustrations ;  |c 25 cm. 
336 |a text  |b txt  |2 rdacontent 
337 |a unmediated  |b n  |2 rdamedia 
338 |a volume  |b nc  |2 rdacarrier 
504 |a Bibliography: pages 189-196. 
500 |a Includes index. 
650 0 |a Financial statements. 
650 0 |a Business enterprises  |x Finance. 
650 0 |a Accounting. 
700 1 |a Sobel, Robert,  |d 1931 February 19-1999. 
999 |a MARS 
999 f f |s f1e45a2a-8519-3ead-b37e-a80ddca6c854  |i 1bc6d4cc-c485-3b7e-bccb-c8b6639a06d2  |t 0 
952 f f |p ric  |a Texas A&M University  |b Rellis Campus  |c Joint Library Facility  |d Remote Storage  |t 0  |e HG4028.B2 O35 1987  |h Library of Congress classification  |i unmediated -- volume  |m A14811034289 
998 f f |a HG4028.B2 O35 1987  |t 0  |l Remote Storage